000 00491nam a2200181Ia 4500
003 GCL
008 140319s9999 xx 000 0 eng d
040 _aGCL /
_cGCL
082 0 4 _aCH
_b843
_bB M
100 1 _aBILSTEIN, JACQUES THOMAS VALERIANE
245 1 0 _aMAIS OU ES - TU IMHATEP /
_cBILSTEIN, JACQUES THOMAS VALERIANE
260 _a[S.N] :
_bEDITION HEMMA
300 _a125 P
650 0 4 _aCHILDREN - LITERATURE
650 0 4 _aCHILDREN
650 0 4 _aFRENCH FICTION
942 _2ddc
_cBK
999 _c15638
_d15638